000 00652nam a2200205 i 4500
001 63644
003 ES-MaACL
005 20230906164931.0
007 t|
008 031215s1969 sp ||||1| spa d
100 1 _aFèvre, Marcel.
_950650
245 1 0 _aCirugía infantil y ortopedia /
_cMarcel Fèvre ; traducción Alberto Jornet Cases ; prólogo A. Reventós Moragas.
250 _a[1ª ed.].
260 _aBarcelona :
_bAteneo,
_c[1969]
300 _a2 v. :
_bil. ;
_c26 cm.
650 4 _aOrtopedia infantil.
_9144253
700 1 _aJornet Cases, A.
_966960
700 1 _aReventós Moragas, A.
_996408
852 _aES-MaACL
_jC-37377-78
_bR.69973
999 _c63644
_d63644